00506nam a22001217a 4500008004100000050003100041100002700072245015200099260003400251300002200285500004000307650003700347231023t |||||||| |||| 00| 0 eng d aTHE LB 2838 .S88 2023bC.1 aSuter, Esther Jepkoech aImplementation of teacher performance appraisal development and effect on quality teaching in Public Secondary Schools in Uasin Gishu County, Kenya aKisiiKKisii Universityc2023 axviii, 200p.:ill. aIncludes bibliographical references a1. Teachers - Rating of - Kenya.